000 00305nam a22001217a 4500
020 _a981-3091-67-3
082 _a005.3 HER'M
100 _aHERGERT, DOUGLAS ,KAMIN, JONATHONKAMIN,
_960821
245 _aMASTERING FRANEWORK III
260 _aUSA
_bTECH PUBLICATIONS
_c1985
300 _a613P
942 _cBK
999 _c570450
_d570450